Stati tra 10 000 000 e 11 000 000 abitanti - Statistics

Statistiche generali
  • Questo quiz è stato fatto 6 volte
  • Il punteggio medio è 4 su 7
Statistiche sulle risposte
Popolazione (ab.) Continente Nazione % Corretto
10 413 982 Europa Grecia
100%
10 760 028 America del Nord Repubblica Dominicana
100%
10 882 235 Europa Repubblica Ceca
75%
10 077 600 Asia Tagikistan
75%
10 558 012 Europa Svezia
50%
10 151 517 Asia Azerbaigian
25%
10 467 366 Europa Portagallo
0%
Nessun quiz corrispondente trovato
Distribuzione punteggi
Percentuale di utenti per punteggio
Percentile per numero di risposta
I tuoi punteggi nel tempo
Non hai fatto questo quiz